Environmental claims journal

Bibliographic Details
Format: Electronic Journal
Language:English
Published: [Boca Raton, FL] : CRC Press, 1988-
Philadelphia, PA : Taylor & Francis
Subjects:
Online Access:Full text available from Research Library: 01/01/2003 to 10/31/2007

MARC

LEADER 00000nas a2200000 a 4500
001 ssj0022057
003 WaSeSS
005 20200512172242.0
006 m d
007 cr n
008 020811c20039999pauqr pss g 0 a0eng d
010 |a  2003215741 
015 |a GBA602951  |2 bnb 
016 7 |a 013352114  |2 Uk 
022 |a 1547-657X  |l 1040-6026  |y 1040-6026 
030 |a ECJOFG 
035 |a (WaSeSS)ssj0022057 
037 |b Taylor and Franics, Inc., 325 Chesnut Street, Ste. 800, Philadelphia, PA 19106 
040 |a F#A  |b eng  |e pn  |c F#A  |d OCLCQ  |d NSD  |d DLC  |d NSD  |d OCLCQ  |d NSD  |d BUF  |d OCLCQ  |d GBT  |d UKMGB  |d OCLCQ  |d AGL  |d OCLCO  |d OCLCF  |d OCLCQ  |d OCLCO  |d DLC  |d LGG  |d ACH  |d UCO  |d ZSL  |d VGL  |d NLE  |d AU@  |d VT2  |d WaSeSS 
042 |a msc  |a nsdp 
043 |a n-us--- 
050 0 0 |a K5 
082 1 0 |a 346  |2 13 
130 0 |a Environmental claims journal (Online) 
222 0 |a Environmental claims journal  |b (Online) 
245 1 0 |a Environmental claims journal  |h [electronic resource]. 
260 |3 1988- :  |a [Boca Raton, FL] :  |b CRC Press,  |c 1988- 
260 3 |3 <2003-> :  |a Philadelphia, PA :  |b Taylor & Francis 
310 |a Quarterly 
362 1 |a Began with Vol. 1, issue 1 (1988). 
506 |a License restrictions may limit access. 
515 |a Some issues combined. 
538 |a Mode of access: World Wide Web. 
588 |a Description based on: Vol. 1, issue 1 (1988); title from journal cover image on homepage (publisher's Web site, viewed Aug. 11, 2002). 
588 |a Latest issue consulted: Vol. 30, issue 2 (2018) (Taylor & Francis Online, viewed May 16, 2018). 
650 0 |a Liability for environmental damages  |z United States  |v Periodicals. 
650 7 |a Liability for environmental damages.  |2 fast  |0 (OCoLC)fst00997106 
651 7 |a United States.  |2 fast  |0 (OCoLC)fst01204155 
655 0 |a Electronic journals. 
776 0 8 |i Also issued in print:  |t Environmental claims journal  |x 1040-6026  |w (DLC) 89645149  |w (OCoLC)18474513 
850 |a DLC 
856 4 0 |z Full text available from Research Library: 01/01/2003 to 10/31/2007  |u https://search.proquest.com/publication/30947